Представление документа в формате RUSMARC

ПолеНазваниеЗначение
  Тип записи a
  Библиографический уровень m
001 Контрольный номер UONB/MAIN/7f682f71468b4e3fae670dabcd7b58b3
005 Дата корректировки 20260423132342.4
010 Индекс ISBN __
a ISBN 978-5-9988-1697-0
9 Тираж 2000 экз.
100 Данные общей обработки __
a Данные общей обработки 20260401d2026 u y0rusy0189 ca
101 Язык документа 0_
a Язык текста rus
102 Страна публикации __
a Страна публикации RU
105 Кодированные данные (монография) __
a Кодированные данные (монография) a j 000yy
200 Заглавие и сведения об ответственности 1_
a Заглавие Смерть поэта
f Первые сведения об ответственности М. Ю. Лермонтов
e Сведения, относящиеся к заглавию подробный иллюстрированный комментарий
e Сведения, относящиеся к заглавию учебное пособие
g Последующие сведения об ответственности идея и комментарии Леонида Рожникова
203 Вид содержания и тип средства __
a Вид содержания Текст
b Характеристика содержания визуальный
c Тип средства непосредственный
210 Выходные данные 1_
a Место издания Москва
c Издательство РГ-Пресс
d Дата издания 2026
215 Физическое описание __
a Объем 23 с.
d Формат 26 см
c Иллюстрации/тип воспроизводства ил.
225 Серия 1_
a Серия Книга в книге
333 Примечание о целевом назначении __
a Примечание о целевом назначении 12+
606 Тематические рубрики 0_
a Основная рубрика Стихи (х. л.)
606 Тематические рубрики 0_
a Основная рубрика Русская литература
z Хронологическая подрубрика 19 в.
610 Ключевые слова 0_
a Ключевые слова стихи русские 19 в.; поэзия русская 19 в.; стихи русских поэтов 19 в.; русская литература 19 в.
686 Индексы других классификаций __
a Классификационный индекс 84Р1-5
2 Код системы rubbk
686 Индексы других классификаций __
a Классификационный индекс 83.3(2=Рус)5-8
2 Код системы rubbk
700 Автор _1
a Фамилия Лермонтов
b Имя (инициалы) М. Ю.
g Полное личное имя Михаил Юрьевич
702 Вторичная интеллектуальная ответственность _1
a Фамилия Рожников
b Имя (инициалы) Л.
g Полное личное имя Леонид
4 Код отношения 080
801 Источник записи _0
a Страна RU
b Организация Ульяновская ОНБ
c Дата составления 20260401
g Правила каталогизации RCR
801 Источник записи _1
a Страна RU
b Организация Ульяновская ОНБ
c Дата составления 20260401
g Правила каталогизации RCR
900 Электронные ресурсы __
a Имя электронного ресурса проспект20260043
901 Тип документа __
t Тип документа m
909 Создатель записи __
a Создатель записи Егорова Э. А.
b Дата создания записи 20260401
910 Корректоры записи __
a Корректор записи Пряхина
b Дата внесения изменения в запись 20260423